Civil Services Chronicle (Record no. 11831)

MARC details
000 -LEADER
fixed length control field 00495nas a22001817a 4500
003 - CONTROL NUMBER IDENTIFIER
control field OSt
005 - DATE AND TIME OF LATEST TRANSACTION
control field 20230216115334.0
008 - FIXED-LENGTH DATA ELEMENTS--GENERAL INFORMATION
fixed length control field 230214b ||||| |||| 00| 0 eng d
022 ## - INTERNATIONAL STANDARD SERIAL NUMBER
International Standard Serial Number NA
040 ## - CATALOGING SOURCE
Transcribing agency NA
082 ## - DEWEY DECIMAL CLASSIFICATION NUMBER
Classification number 001
245 ## - TITLE STATEMENT
Title Civil Services Chronicle
Remainder of title Magazine for IAS Aspirants Since 1990
Statement of responsibility, etc Ojha N N
260 ## - PUBLICATION, DISTRIBUTION, ETC. (IMPRINT)
Place of publication, distribution, etc New Delhi
Name of publisher, distributor, etc Chronicle Publications Pvt. Ltd.
310 ## - CURRENT PUBLICATION FREQUENCY
Current publication frequency Monthly
650 ## - SUBJECT ADDED ENTRY--TOPICAL TERM
Topical term or geographic name as entry element General Knowledge
856 ## - ELECTRONIC LOCATION AND ACCESS
Uniform Resource Identifier <a href="https://www.chronicleindia.in/">https://www.chronicleindia.in/</a>
942 ## - ADDED ENTRY ELEMENTS (KOHA)
Source of classification or shelving scheme Dewey Decimal Classification
Koha item type Periodicals
Serial record 1
Holdings
Withdrawn status Lost status Source of classification or shelving scheme Damaged status Not for loan Home library Current library Shelving location Date acquired Serial Enumeration / Volume No. Total Checkouts Date last seen Bill Date Koha item type
    Dewey Decimal Classification     PIET NCR College Library PIET NCR College Library Periodical Section 16/02/2023 Vol 34, No 3   16/02/2023 16/02/2023 Periodicals
    Dewey Decimal Classification     PIET NCR College Library PIET NCR College Library Periodical Section 16/02/2023 Vol 34, No 4   16/02/2023 16/02/2023 Periodicals
    Dewey Decimal Classification     PIET NCR College Library PIET NCR College Library Periodical Section 16/02/2023 Vol 34, No 7   16/02/2023 16/02/2023 Periodicals
    Dewey Decimal Classification     PIET NCR College Library PIET NCR College Library Periodical Section 16/02/2023 Vol 34, No 6   16/02/2023 16/02/2023 Periodicals
    Dewey Decimal Classification     PIET NCR College Library PIET NCR College Library Periodical Section 16/02/2023 Vol 34, No 5   16/02/2023 16/02/2023 Periodicals
    Dewey Decimal Classification     PIET NCR College Library PIET NCR College Library Periodical Section 20/03/2023 Vol 34, No 9   20/03/2023 20/03/2023 Periodicals
    Dewey Decimal Classification     PIET NCR College Library PIET NCR College Library Periodical Section 20/05/2023 Vol. 34, No 8   20/05/2023   Periodicals
    Dewey Decimal Classification     PIET NCR College Library PIET NCR College Library Periodical Section 20/05/2023 Vol. 34, No. 10   20/05/2023   Periodicals

Design & Developed by: PIET Central Library
R70 Miles Stone Pattikalyana Samalkha Panipat 132102
mail ID :- [email protected], Phone No:- 0180-2569700 Ex.216